LEADER 02808nam 2200625Ia 450 001 9910455412103321 005 20200520144314.0 010 $a6612298146 010 $a1-282-29814-3 010 $a9786612298141 010 $a1-60750-438-3 010 $a600-00-0319-6 035 $a(CKB)1000000000799258 035 $a(EBL)471343 035 $a(OCoLC)646833312 035 $a(SSID)ssj0000288024 035 $a(PQKBManifestationID)11911013 035 $a(PQKBTitleCode)TC0000288024 035 $a(PQKBWorkID)10372497 035 $a(PQKB)10239185 035 $a(MiAaPQ)EBC471343 035 $a(Au-PeEL)EBL471343 035 $a(CaPaEBR)ebr10331642 035 $a(CaONFJC)MIL229814 035 $a(EXLCZ)991000000000799258 100 $a20090803d2009 uy 0 101 0 $aeng 135 $aurcn||||||||| 181 $ctxt 182 $cc 183 $acr 200 00$aAdvanced technologies in rehabilitation$b[electronic resource] $eempowering cognitive, physical, social and communicative skills through virtual reality, robots, wearable systems and brain-computer interfaces /$fedited by Andrea Gaggioli ... [et al.] 210 $aAmsterdam ;$aWashington DC $cIOS Press$dc2009 215 $a1 online resource (304 p.) 225 1 $aStudies in health technology and informatics,$x0926-9630 ;$vv. 145 300 $aDescription based upon print version of record. 311 $a1-60750-018-3 320 $aIncludes bibliographical references and indexes. 327 $aTitle page; Introduction; Contributors; Contents; Advanced Technologies in Rehabilitation: An Introduction; Training and Technology as an Aid in Functional Gains; Rules that Govern Recovery of Function; Using the Body's Own Signals to Augment Therapeutic Gains; Technology Incorporates Cognition and Action; Technology Enhances the Impact of Rehabilitation Programs; Subject Index; Author Index 330 $aIntends to examine the focus and aims that drive rehabilitation intervention and technology development. This book addresses the questions of what research is taking place to develop rehabilitation, applied technology and how we have been able to modify and measure responses in both healthy and clinical populations using these technologies. 410 0$aStudies in health technology and informatics ;$vv. 145. 606 $aRehabilitation$xResearch 606 $aMedical innovations$xResearch 608 $aElectronic books. 615 0$aRehabilitation$xResearch. 615 0$aMedical innovations$xResearch. 676 $a617.06 701 $aGaggioli$b Andrea$0899271 801 0$bMiAaPQ 801 1$bMiAaPQ 801 2$bMiAaPQ 906 $aBOOK 912 $a9910455412103321 996 $aAdvanced technologies in rehabilitation$92009151 997 $aUNINA LEADER 02169nam0 2200469 i 450 001 VAN0123390 005 20230703024756.121 017 70$2N$a9789811055560 100 $a20190919d2017 |0itac50 ba 101 $aeng 102 $aSG 105 $a|||| ||||| 200 1 $aHermitian?Grassmannian submanifolds$eDaegu, Korea, July 2016$fYoung Jin Suh ... [et al.] editors 210 $aSingapore$cSpringer$d2017 215 $aXI, 360 p.$cill.$d24 cm 410 1$1001VAN0102574$12001 $aSpringer proceedings in mathematics & statistics$1210 $aBerlin [etc.]$cSpringer$v203 500 1$3VAN0235654$aHermitian?Grassmannian submanifolds$91560461 606 $a14-XX$xAlgebraic geometry [MSC 2020]$3VANC019702$2MF 606 $a53-XX$xDifferential geometry [MSC 2020]$3VANC019813$2MF 606 $a00B25$xProceedings of conferences of miscellaneous specific interest [MSC 2020]$3VANC020732$2MF 610 $aComplex Quadrics$9KW:K 610 $aComplex two-plane Grassmannians$9KW:K 610 $aHermitian symmetric spaces$9KW:K 610 $aHopf hypersurfaces$9KW:K 610 $aIntegral geometry$9KW:K 610 $aKaehler Manifolds$9KW:K 610 $aLagrangian submanifolds$9KW:K 610 $aLorentzian manifolds$9KW:K 610 $aSasakian space forms$9KW:K 610 $aSymmetric mixed isoperimetric inequality$9KW:K 620 $aSG$dSingapore$3VANL000061 702 1$aSuh$bYoung Jin$3VANV081360 712 12$aInternational workshop on Hermitian symmetric spaces and submanifolds$d20.$f2016$eDaegu$3VANV094794 712 $aSpringer $3VANV108073$4650 801 $aIT$bSOL$c20240614$gRICA 856 4 $uhttp://doi.org/10.1007/978-981-10-5556-0$zE-book ? Accesso al full-text attraverso riconoscimento IP di Ateneo, proxy e/o Shibboleth 899 $aBIBLIOTECA DEL DIPARTIMENTO DI MATEMATICA E FISICA$1IT-CE0120$2VAN08 912 $fN 912 $aVAN0123390 950 $aBIBLIOTECA DEL DIPARTIMENTO DI MATEMATICA E FISICA$d08CONS e-book 0714 $e08eMF714 20190919 996 $aHermitian?Grassmannian submanifolds$91560461 997 $aUNICAMPANIA LEADER 03959nam 22008055 450 001 9910956111703321 005 20250811104726.0 010 $a3-662-02853-0 024 7 $a10.1007/978-3-662-02853-7 035 $a(CKB)2660000000026948 035 $a(SSID)ssj0000897283 035 $a(PQKBManifestationID)11489363 035 $a(PQKBTitleCode)TC0000897283 035 $a(PQKBWorkID)10901611 035 $a(PQKB)11549092 035 $a(DE-He213)978-3-662-02853-7 035 $a(MiAaPQ)EBC3097939 035 $a(PPN)238022536 035 $a(EXLCZ)992660000000026948 100 $a20130321d1992 u| 0 101 0 $aeng 135 $aurnn|008mamaa 181 $ctxt 182 $cc 183 $acr 200 10$aNEXAFS Spectroscopy /$fby Joachim Stöhr 205 $a1st ed. 1992. 210 1$aBerlin, Heidelberg :$cSpringer Berlin Heidelberg :$cImprint: Springer,$d1992. 215 $a1 online resource (XV, 404 p.) 225 1 $aSpringer Series in Surface Sciences,$x2198-4743 ;$v25 300 $a"With 177 Figures." 311 08$a3-540-54422-4 311 08$a3-642-08113-4 320 $aIncludes bibliographical references and index. 327 $a1. Introduction -- 2. Theory of Inner Shell Excitation Spectra -- 3. Symmetry and Molecular Orbitals -- 4. Experimental and Calculated K-Shell Spectra of Simple Free Molecules -- 5. Principles, Techniques, and Instrumentation of NEXAFS -- 6. Spectra of Condensed, Chemisorbed, and Polymeric Molecules: An Overview -- 7. Analysis of K-Shell Excitation Spectra by Curve Fitting -- 8. ?* Resonance Position and Bond Length -- 9. The Angular Dependence of Resonance Intensities -- 10. Selected Applications of NEXAFS -- 11. A Look into the Future -- Appendices -- A. Derivation of the EXAFS Equation -- B. Chemisorbed Molecules Studied by NEXAFS -- References. 330 $aThis comprehensive treatment of the fundamental principles and applications of NEXAFS spectroscopy develops all concepts from an elementary level, presenting a unified picture of the latest theoretical and experimental results. The power of this technique is demonstrated, in particular, in the application to low-Z molecules bonded to surfaces, systems of special interest in surface chemistry, where NEXAFS reveals the electronic and structural properties of the molecules. While researchers and students without extensive prior knowledge of X-ray absorption spectroscopy are catered for by the systematic presentation of the underlying concepts, pracicing spectroscopists will find here details of state-of-the-art instrumentation in analysis techniques, and results, along with tabulated information about the various molecular adsorption systems that have already been studied by NEXAFS. 410 0$aSpringer Series in Surface Sciences,$x2198-4743 ;$v25 606 $aMass spectrometry 606 $aAtoms 606 $aMolecules 606 $aLasers 606 $aSurfaces (Technology) 606 $aThin films 606 $aChemistry, Physical and theoretical 606 $aMass Spectrometry 606 $aAtomic, Molecular and Chemical Physics 606 $aLaser 606 $aSurfaces, Interfaces and Thin Film 606 $aPhysical Chemistry 615 0$aMass spectrometry. 615 0$aAtoms. 615 0$aMolecules. 615 0$aLasers. 615 0$aSurfaces (Technology) 615 0$aThin films. 615 0$aChemistry, Physical and theoretical. 615 14$aMass Spectrometry. 615 24$aAtomic, Molecular and Chemical Physics. 615 24$aLaser. 615 24$aSurfaces, Interfaces and Thin Film. 615 24$aPhysical Chemistry. 676 $a543.65 700 $aStöhr$b Joachim$4aut$4http://id.loc.gov/vocabulary/relators/aut$01166380 801 0$bMiAaPQ 801 1$bMiAaPQ 801 2$bMiAaPQ 906 $aBOOK 912 $a9910956111703321 996 $aNEXAFS Spectroscopy$94430841 997 $aUNINA